00912nam a22002537a 45000010005000000030009000050050017000140080041000310200015000720400028000870820026001151000020001412450105001612600052002663000046003185000028003645000033003925040064004256500038004896500039005277000019005667000023005857100050006089247BD-DhUAP20210128092945.0200219s2003 bg a bs 001 0 eng  a9843207548 aDLCcDLCdBD-DhUAPbEng a374.012095492 AHM2231 aAhmed, Manzoor.10aLiteracy in Bangladesh, need for a new vision /cManzoor Ahmed, Samir R. Nath and Kazi Saleh Ahmed. aDhaka :bCampaign for Pupular Education,c2003. axxx, 142 pages :billustrations ;c29 cm. a"Education Watch 2002." aIncludes statistical tables. aIncludes bibliographical references (p. [61]-63) and index. 0aNon-formal educationzBangladesh. 0aEducation, ElementaryzBangladesh.1 aNath, Samir R.1 aAhmed, Kazi Saleh.2 aCampaign for Popular Education (Organization)